Technológia váltás a vércukorszintmérő piacon

Bibliográfiai részletek
Szerző: Hörcsik Ádám
További közreműködők: Kopcsay Dr. László
Dokumentumtípus: Diplomadolgozat
Kulcsszavak:Marketing
Gyógyászati segédeszközök
Esettanulmány
Gyógyszerpiac
Online Access:http://dolgozattar.uni-bge.hu/21109

MARC

LEADER 00000nta a2200000 i 4500
001 dolg21109
005 20221011135909.0
008 190511suuuu hu om 000 hun d
040 |a BGE Dolgozattár Repozitórium  |b hun 
041 |a hu 
100 1 |a Hörcsik Ádám 
245 1 0 |a Technológia váltás a vércukorszintmérő piacon  |c Hörcsik Ádám  |h [elektronikus dokumentum] 
695 |a Marketing 
695 |a Gyógyászati segédeszközök 
695 |a Esettanulmány 
695 |a Gyógyszerpiac 
700 1 |a Kopcsay Dr. László  |e ths 
856 4 0 |u http://dolgozattar.uni-bge.hu/21109/1/Szakdolgozat_HA.pdf  |z Dokumentum-elérés 
856 4 0 |u http://dolgozattar.uni-bge.hu/21109/2/HivatalosBejegyzes.pdf  |z Dokumentum-elérés